[Event "GER-chT U12"]
[Site "Verden an der Aller"]
[Date "2007.12.28"]
[Round "3.4"]
[White "Petru, Dennis"]
[Black "Sabelfeld, Andreas"]
[Result "1-0"]
[WhiteElo "1073"]
[BlackElo "1055"]
[PlyCount "59"]
[EventDate "2007.12.27"]
[EventType "team-swiss"]
[EventRounds "7"]
[EventCountry "GER"]
[SourceTitle "EXT 2009"]
[Source "ChessBase"]
[SourceDate "2008.11.26"]
[SourceVersion "1"]
[SourceVersionDate "2008.11.26"]
[SourceQuality "1"]
[WhiteTeam "Hamburg Weisse Dame U12"]
[BlackTeam "Lippstadt Turm U12"]
[WhiteTeamCountry "GER"]
[BlackTeamCountry "GER"]

1. e4 e6 2. d4 d5 3. Nc3 c5 4. exd5 exd5 5. dxc5 Nf6 6. Bg5 Be6 7. Qd2 Bxc5 8. 0-0-0 0-0 9. Bd3 Bb4 10. Nge2 d4 11. Nxd4 Qxd4 12. Bxh7+ Nxh7 13. Qxd4 Bxc3 14. Qxc3 Nxg5 15. f3 Nc6 16. h4 Nh7 17. h5 Ne7 18. g4 Ng5 19. h6 gxh6 20. Rxh6 Ng6 21. Rdh1 f6 22. Rxg6+ Kf7 23. Qxf6+ Ke8 24. Qxg5 Bf7 25. Rd6 Be6 26. Rxe6+ Kd7 27. Qe7+ Kc8 28. Qxf8+ Kd7 29. Qf7+ Kc8 30. Re8# 1-0